| 000 | 00544nam a22001697a 4500 | ||
|---|---|---|---|
| 003 | SGT | ||
| 020 | _a9789350620588 | ||
| 082 | _a658,RAO | ||
| 100 | _aRAO,V S P | ||
| 245 | _aMANAGEMENT TEXT AND CASES | ||
| 250 | _a2ND | ||
| 260 |
_aNEW DELHI _bEXCAL PUBLICATION _c2012 |
||
| 300 | _a804 | ||
| 650 | _aMANAGEMENT | ||
| 653 | _aNUMBER OF MANAGEMENT,MANAGERIAL ROLES AND CHALLENGES,DEVELOPMENT OF MANAGEMENT THOUGHT,COORDINATION,PLANNING AND FORECASTING,DECISION-MAKING AND MIS,CREATIVITY AND INNOVATION,DEPARTMENTATION | ||
| 942 |
_2ddc _cFCM _04 |
||
| 999 |
_c8828 _d8828 |
||